| 000 -CABECERA |
| campo de control de longitud fija |
00776cam a22002774a 4500 |
| 001 - NÚMERO DE CONTROL |
| campo de control |
YPZ92673 |
| 003 - IDENTIFICADOR DEL NÚMERO DE CONTROL |
| campo de control |
YPZ |
| 005 - FECHA Y HORA DE LA ÚLTIMA TRANSACCIÓN |
| campo de control |
20251201105235.0 |
| 008 - DATOS DE LONGITUD FIJA--INFORMACIÓN GENERAL |
| campo de control de longitud fija |
100414s2007 ag a grb 001 0|spa|d |
| 020 ## - NÚMERO INTERNACIONAL ESTÁNDAR DEL LIBRO |
| Número Internacional Estándar del Libro |
9509051357 |
| 040 ## - FUENTE DE LA CATALOGACIÓN |
| Centro/agencia transcriptor |
SIUNPA |
| Lengua de catalogación |
spa |
| Normas de descripción |
AACR2 |
| 041 ## - CÓDIGO DE LENGUA |
| Código de lengua del texto/banda sonora o título independiente |
spa |
| 044 ## - CÓDIGO DEL PAÍS DE LA ENTIDAD EDITORA/PRODUCTORA |
| Código MARC del país |
ag |
| 080 ## - NÚMERO DE LA CLASIFICACIÓN DECIMAL UNIVERSAL |
| Número de la Clasificación Decimal Universal |
355.01 S957a |
| 100 ## - ENTRADA PRINCIPAL--NOMBRE DE PERSONA |
| Nombre de persona |
Sun Tzu. |
| Código de función/relación |
, autor |
| 245 ## - MENCIÓN DE TÍTULO |
| Título |
El arte de la guerra |
| Mención de responsabilidad, etc. |
/ Sun Tzu ; traducción y notas Roberto Curto |
| 260 ## - PUBLICACIÓN, DISTRIBUCIÓN, ETC. |
| Lugar de publicación, distribución, etc. |
Buenos Aires |
| Nombre del editor, distribuidor, etc. |
: Longseller |
| Fecha de publicación, distribución, etc. |
, 2005 |
| 300 ## - DESCRIPCIÓN FÍSICA |
| Extensión |
187[4] p. |
| Otras características físicas |
: il. |
| 490 ## - MENCIÓN DE SERIE |
| Mención de serie |
(Clásicos de siempra; |
| Designación de volumen o secuencia |
1) |
| 500 ## - NOTA GENERAL |
| Nota general |
En portada: Versión completa |
| 650 ## - PUNTO DE ACCESO ADICIONAL DE MATERIA--TÉRMINO DE MATERIA |
| Término de materia o nombre geográfico como elemento de entrada |
GUERRA |
| 650 ## - PUNTO DE ACCESO ADICIONAL DE MATERIA--TÉRMINO DE MATERIA |
| Término de materia o nombre geográfico como elemento de entrada |
FILOSOFIA DE LA HISTORIA |
| 650 ## - PUNTO DE ACCESO ADICIONAL DE MATERIA--TÉRMINO DE MATERIA |
| Término de materia o nombre geográfico como elemento de entrada |
SUN TZU |
| Subdivisión cronológica |
(400-320 a.c.) |
| 700 ## - PUNTO DE ACCESO ADICIONAL--NOMBRE DE PERSONA |
| Código de función/relación |
, tr. y notas |
| Nombre de persona |
Curto, Roberto |
| 942 ## - ELEMENTOS DE PUNTO DE ACCESO ADICIONAL (KOHA) |
| Tipo de ítem Koha |
Libros |
| Fuente del sistema de clasificación o colocación |
|